Problemas de álgebra lineal /
Guardado en:
| Autor Principal: | |
|---|---|
| Formato: | Libro |
| Idioma: | Spanish Russian |
| Publicado: |
Moscú :
Mir,
c1986.
|
| Etiquetas: |
Agregar Etiqueta
Sin Etiquetas, Sea el primero en etiquetar este registro!
|
| LEADER | 00560nam a22001575a 4500 | ||
|---|---|---|---|
| 001 | MAT.inmabb006811 | ||
| 008 | 130808s1986####ru############000#0#spa#d | ||
| 005 | 20130902155917.0 | ||
| 245 | 1 | 0 | |a Problemas de álgebra lineal / |c I. Proskuriakov ; [traducido del ruso por Consuelo Fernández Álvarez]. |
| 260 | |a Moscú : |b Mir, |c c1986. | ||
| 300 | |a 359 p. ; |c 23 cm. | ||
| 500 | |a Contiene 1938 problemas y sus respuestas. | ||
| 100 | 1 | |a Proskuriakov, I. V. |q (Igor Vladimirovich) | |
| 084 | |a 15-01 (00A07) |2 msc2000 | ||
| 041 | 1 | |a spa |h rus | |
| 859 | |h 15 |i P966 |p A-8842 |b BIB. MATEMATICA | ||
